| 000 | 00757nam a2200229 a 4500 | ||
|---|---|---|---|
| 005 | 20140412111329.0 | ||
| 008 | 021209s19uu xx 00 eng d | ||
| 020 | _a0-395-77876-X | ||
| 050 |
_aTR(PS E _bJu98 1993 |
||
| 050 |
_aER _bJu98 1993 |
||
| 100 | _aTompert, Ann | ||
| 245 |
_aJust a little bit / _cby Ann Tompert; illustrated by Lynn Munsinger. |
||
| 260 |
_aBoston : _bHoughton Mifflin Company, _c1993. |
||
| 300 | _a30 p. ; ill. | ||
| 520 | _aWhen Mouse and Elephant decide to go on the seesaw, Mouse needs a lot of help fro the other animals before they can go up and down. | ||
| 650 | _aSeesaw--Fiction | ||
| 650 | _aMice--Fiction | ||
| 650 | _aElephants--Fiction | ||
| 650 | _aAnimals--Fiction | ||
| 999 |
_c104836 _d104836 |
||